| 000 | 00547nam a22001697a 4500 | ||
|---|---|---|---|
| 005 | 20250127123818.0 | ||
| 010 | _aENG-143599 | ||
| 020 |
_a9789393757333 _c195.00 |
||
| 035 | _aEN-127131 | ||
| 037 | _bDBAD | ||
| 082 | _a921 | ||
| 245 |
_aBajirao Peshwe/ _cBy Vishwakarma Publications |
||
| 260 |
_aMaharashtra _bVishwakarma Publications |
||
| 270 |
_a34A / 1, Suyog Centre, 7th Floor, Gultekadi Marketyard Road, Giridhar Bhavan Chowk, Pune _bMaharashtra _e411037 |
||
| 300 |
_a142p. _c21cm(pb) |
||
| 942 |
_2ddc _cEN _h921 _mBAJ |
||
| 999 |
_c208795 _d208795 |
||